[Event "AUTO-INT-1992"]
[Site "http://www.queenalice.com/game.php?id=918016"]
[Date "2011.3.27"]
[Round "1"]
[White "Erenir"]
[Black "hollis1us"]
[Result "1-0"]
[WhiteElo "1500"]
[BlackElo "1659"]

1. e4 e5 2. Nf3 d6 3. d4 exd4 4. Nxd4 Bd7 5. Nc3 Nc6 6. Be3 a6 7. Be2 h6 8. Qd2
Nf6 9. O-O-O Be7 10. f4 O-O 11. Bf3 Nxd4 12. Bxd4 Bc6 13. g4 Nd7 14. h4 Bf6 15.
g5 hxg5 16. hxg5 Bxd4 17. Qh2 f6 18. g6 1-0

[Event "AUTO-INT-1992"]
[Site "http://www.queenalice.com/game.php?id=918017"]
[Date "2011.3.27"]
[Round "1"]
[White "hollis1us"]
[Black "Givanildo"]
[Result "1-0"]
[WhiteElo "1648"]
[BlackElo "1567"]

1. e4 e5 2. Nf3 Qf6 3. d4 Bd6 4. Nc3 c6 5. d5 a6 6. h3 b5 7. a3 c5 8. b3 c4 9.
bxc4 b4 10. axb4 Bxb4 11. Bd2 d6 12. Ra4 a5 13. Nb5 Na6 14. Bxb4 Nxb4 15. Nd2
Na6 16. Rxa5 Rb8 17. Qf3 Qxf3 18. Nxf3 Nc5 19. Nxd6+ Ke7 20. Nxc8+ Rxc8 21. Bd3
f6 22. O-O Nh6 23. Rfa1 Kd6 24. Ra7 g5 25. Rf7 Ng8 26. Nd2 h5 27. Raa7 Rb8 28.
Rh7 Rxh7 29. Rxh7 h4 30. Rh8 Ra8 31. Kh2 Nxd3 32. cxd3 Ke7 33. f3 Kf7 34. Rh7+
Kg6 35. Rd7 Ra2 36. Nb3 Nh6 37. d6 f5 38. Rc7 fxe4 39. fxe4 Kh5 40. d4 g4 41.
hxg4+ Nxg4+ 42. Kh3 Nf2+ 43. Kh2 Nxe4 44. d7 Ng5 45. d8=Q Nf3+ 46. Kh1 h3 47.
gxf3 Rg2 48. Qh8+ Kg5 49. Rg7+ Kf4 50. Rxg2 hxg2+ 51. Kxg2 exd4 52. Qxd4+ 1-0

[Event "AUTO-INT-1992"]
[Site "http://www.queenalice.com/game.php?id=918018"]
[Date "2011.3.27"]
[Round "1"]
[White "Givanildo"]
[Black "hollis1us"]
[Result "0-1"]
[WhiteElo "1609"]
[BlackElo "1659"]

1. e4 e5 2. Bc4 c6 3. d3 d5 4. exd5 cxd5 5. Bb5+ Bd7 6. a4 a6 7. Bxd7+ Nxd7 8.
d4 e4 9. Be3 h6 10. Ne2 Bb4+ 11. c3 Be7 12. h4 Ngf6 13. f3 exf3 14. gxf3 O-O 15.
Rg1 Nh5 16. Bxh6 Bxh4+ 17. Kd2 Re8 18. Nf4 Ng3 19. Bxg7 Kxg7 20. Nh5+ Kh6 21.
Nxg3 Qg5+ 22. Kc2 Bxg3 23. Qf1 Qf5+ 24. Kb3 Bd6 25. Rh1+ Kg7 26. Qg2+ Qg6 27.
Qf1 Qe6 28. Qg1+ Qg6 29. Qd1 Qe6 30. Rg1+ Kf8 31. Nd2 b5 32. a5 Qe2 33. Qc2 Bf4
34. Rh1 Bxd2 35. Rh8+ Ke7 36. Rh5 Qc4+ 37. Ka3 b4+ 38. Ka4 b3+ 39. Ka3 bxc2 40.
b3 c1=Q+ 41. Rxc1 Bxc1+ 42. Ka2 Qxc3 43. Rxd5 Qb2# 0-1

[Event "Challenge"]
[Site "http://www.queenalice.com/game.php?id=918151"]
[Date "2011.3.27"]
[Round "-"]
[White "ORNELAS"]
[Black "hollis1us"]
[Result "0-1"]
[WhiteElo "1612"]
[BlackElo "1690"]

1. e4 e5 2. Bc4 Nf6 3. d3 h6 4. a3 c6 5. b4 d5 6. exd5 cxd5 7. Bb5+ Bd7 8. Bxd7+
Qxd7 9. Nf3 e4 10. Nd4 Nc6 11. Nxc6 Qxc6 12. dxe4 Nxe4 13. O-O Be7 14. Bb2 O-O
15. Bd4 Bf6 16. c3 Bxd4 17. cxd4 Nc3 18. Nxc3 Qxc3 19. Qg4 a5 20. Rfc1 Qb3 21.
Rcb1 Qc4 22. Rc1 Qb5 23. Rc5 Qa4 24. b5 Qb3 25. a4 Qb2 26. Rcc1 Rfe8 27. Rcb1
Qe2 28. Qxe2 Rxe2 29. Re1 Rae8 30. Rxe2 Rxe2 31. Kf1 Rd2 32. Ke1 Rxd4 33. Ke2
Rb4 34. Kd3 b6 35. Ra3 Rb2 36. Ke3 f6 37. g3 Rb4 38. f4 Kf7 39. g4 g5 40. fxg5
fxg5 41. h3 Rc4 42. Kf3 d4 43. Ke4 Rb4 44. Rf3+ Ke6 45. Ra3 Rc4 46. Kd3 Kd5 47.
Kd2 Kc5 48. Kd3 Kb4 49. Ra1 Rc3+ 50. Kxd4 Rxh3 51. Kd5 Rc3 52. Kd6 Rc5 53. Ke6
Kb3 54. Kd6 Rc4 55. Ke6 Rxg4 56. Kf5 Rxa4 57. Rb1+ Kc2 58. Rh1 Rh4 59. Re1 Rb4
60. Re5 a4 61. Re3 Rxb5+ 62. Kg6 Rb3 63. Re2+ Kd3 64. Rh2 g4 65. Rxh6 a3 66. Kg5
a2 67. Rd6+ Kc2 68. Rc6+ Kb2 69. Kxg4 a1=Q 70. Kf5 Qa5+ 71. Kg6 Rg3+ 72. Kf7
Qd5+ 73. Re6 Re3 74. Kg7 Rxe6 75. Kh7 Qg5 0-1

[Event "Challenge"]
[Site "http://www.queenalice.com/game.php?id=926718"]
[Date "2011.4.16"]
[Round "-"]
[White "hollis1us"]
[Black "chessie_james1"]
[Result "1-0"]
[WhiteElo "1670"]
[BlackElo "1765"]

1. e4 c5 2. Nf3 d6 3. h3 Nf6 4. Nc3 a6 5. d4 cxd4 6. Nxd4 e6 7. Be2 Be7 8. O-O
b5 9. Bf3 Bb7 10. e5 Bxf3 11. Qxf3 Nd5 12. Nxd5 dxe5 13. Nxe7 exd4 14. Qxa8 Kxe7
15. Qb7+ Qd7 16. Qxd7+ Nxd7 17. Rd1 e5 18. Bd2 Ke6 19. Bb4 f6 20. c3 1-0

[Event "Let's Play Chess!"]
[Site "http://www.queenalice.com/game.php?id=936824"]
[Date "2011.5.11"]
[Round "-"]
[White "spawnwolfwolverine"]
[Black "hollis1us"]
[Result "0-1"]
[WhiteElo "1595"]
[BlackElo "1747"]

1. d4 d5 2. e3 a6 3. g3 Bd7 4. Bg2 Bc6 5. Ne2 Nf6 6. O-O e6 7. b3 h6 8. Bb2 Bd6
9. Nd2 O-O 10. c4 dxc4 11. Bxc6 Nxc6 12. Nxc4 Bb4 13. Ne5 Nxe5 14. dxe5 Nd5 15.
Bd4 b6 16. a3 Be7 17. Nf4 c5 18. Bb2 Nxf4 19. exf4 f6 20. Qxd8 Raxd8 21. exf6
Bxf6 22. Bxf6 Rxf6 23. Rac1 Rff8 24. b4 Rc8 25. bxc5 Rxc5 26. Rxc5 bxc5 27. a4
c4 28. Re1 Re8 29. f3 c3 30. Kf2 Rb8 31. Ke3 Rb3 32. Kd3 c2+ 33. Kxc2 Rxf3 34.
Rxe6 Rf2+ 35. Kd3 Rxh2 36. Rxa6 Rh3 37. a5 Rxg3+ 38. Ke4 h5 39. Ra8+ Kh7 40. a6
h4 41. a7 Ra3 42. f5 h3 43. Ke5 h2 44. f6 gxf6+ 45. Kxf6 h1=Q 46. Ke6 Qxa8 47.
Ke5 Qxa7 48. Kd5 Qb6 49. Kc4 Ra5 50. Kc3 Rc5+ 51. Kd3 Qb4 52. Ke2 Rc3 53. Kd2
Qb2+ 54. Kd1 Rc1# 0-1

[Event "Let's Play Chess!"]
[Site "http://www.queenalice.com/game.php?id=936825"]
[Date "2011.5.11"]
[Round "-"]
[White "hollis1us"]
[Black "spawnwolfwolverine"]
[Result "1-0"]
[WhiteElo "1717"]
[BlackElo "1634"]

1. e4 e5 2. Nf3 d6 3. h3 g6 4. d4 Bg7 5. dxe5 Bxe5 6. Nxe5 dxe5 7. Qxd8+ Kxd8 8.
Bc4 Be6 9. Bxe6 fxe6 10. Bg5+ Ne7 11. Bxe7+ Kxe7 12. O-O Nc6 13. c3 a6 14. Nd2
b5 15. Nb3 a5 16. Nc5 Rhd8 17. Rfd1 Rxd1+ 18. Rxd1 Kf6 19. Rd7 b4 20. Rxh7 bxc3
21. bxc3 Ra7 22. g3 a4 23. a3 Na5 24. h4 Nc4 25. Nd7# 1-0

[Event "Let's Play Chess!"]
[Site "http://www.queenalice.com/game.php?id=945573"]
[Date "2011.6.3"]
[Round "-"]
[White "hollis1us"]
[Black "Ditto"]
[Result "1-0"]
[WhiteElo "1752"]
[BlackElo "1827"]

1. e4 e5 2. Nf3 Nc6 3. d4 exd4 4. Nxd4 Ne5 5. Be2 Bc5 6. h3 Nf6 7. Bg5 O-O 8.
O-O d6 9. Nc3 c6 10. Bf4 Ng6 11. Be3 Ne5 12. a3 Bb6 13. Qd2 Ba5 14. b4 Bb6 15.
Nb3 Bc7 16. Bg5 Nc4 17. Bxc4 b5 18. Bd3 h6 19. Bh4 Qe7 20. Nd4 Bb7 21. Nf5 Qe5
22. Bg3 Qe8 23. Bxd6 Bxd6 24. Nxd6 Qd7 25. e5 Nh7 26. Bf5 Qe7 27. Nxb7 Qxb7 28.
Bxh7+ Kxh7 29. Qd3+ g6 30. Rfe1 Rad8 31. Qe4 Qb6 32. e6 fxe6 33. Qh4 Rd4 34.
Qe7+ Kg8 35. Qxe6+ Kg7 36. Ne4 Rc4 37. Qe7+ Rf7 38. Qe5+ Kg8 39. Nf6+ Rxf6 40.
Qxf6 Qb8 41. Qxg6+ Kf8 42. Qxh6+ Kg8 43. Re7 Qf8 44. Qh7# 1-0

[Event "Let's Play Chess!"]
[Site "http://www.queenalice.com/game.php?id=951871"]
[Date "2011.6.20"]
[Round "-"]
[White "hollis1us"]
[Black "UIA"]
[Result "0-1"]
[WhiteElo "1757"]
[BlackElo "1280"]

1. e4 e5 2. Nf3 d6 3. h3 Nf6 4. Nc3 Nc6 5. d4 exd4 6. Nxd4 Ne5 7. Bg5 Be7 8. Be2
O-O 9. O-O h6 10. Bh4 Ng6 11. Bg3 c5 12. Nb3 Re8 13. Bf3 a5 14. Nd5 Be6 15.
Nxf6+ Bxf6 16. c3 b6 17. e5 Bxe5 18. Bxa8 Qxa8 19. Bxe5 Nxe5 20. Qxd6 Nc4 21.
Qc7 Qd5 22. Rfd1 Qg5 23. Re1 Kh7 24. Qc6 Bd5 25. Qxd5 Rxe1+ 26. Rxe1 Qxd5 27.
Rb1 Qf5 28. Rd1 Nxb2 0-1

[Event "Let's Play Chess!"]
[Site "http://www.queenalice.com/game.php?id=951872"]
[Date "2011.6.20"]
[Round "-"]
[White "adelio"]
[Black "hollis1us"]
[Result "0-1"]
[WhiteElo "1756"]
[BlackElo "1727"]

1. b4 e5 2. b5 Be7 3. e4 d5 4. d3 c6 5. a4 dxe4 6. Be3 exd3 7. cxd3 Nf6 8. h3
O-O 9. g3 Bd7 10. Nf3 Bd6 11. Ra2 cxb5 12. Qb3 Be6 13. Qc2 b4 14. Rb2 Qa5 15.
Bd2 Nc6 16. Bg2 Rac8 17. O-O Nd4 18. Nxd4 Rxc2 19. Nxc2 Bd5 20. f3 Qxa4 21. Nxb4
Bxb4 22. Rxb4 Qc6 23. g4 Ra8 24. g5 Nh5 25. Rg4 f6 26. gxf6 Nxf6 27. Rg3 Nh5 28.
Rg5 Nf4 29. Bxf4 exf4 30. Nd2 Re8 31. Nc4 Bxc4 32. dxc4 Qxc4 33. h4 b5 34. Bh3
a5 35. h5 a4 36. Kh1 b4 37. Rfg1 Re7 38. Ra5 b3 39. Ra8+ Kf7 40. h6 g6 41. Rh8
Kf6 42. Rf8+ Rf7 43. Rc8 Qd5 44. Bg4 b2 45. Rc2 a3 46. Re1 Re7 47. Rg1 Rb7 48.
Rb1 a2 49. Rbxb2 a1=Q+ 50. Kh2 Rxb2 51. Rxb2 Qxb2+ 52. Kh3 Qd1 53. Kh4 Qf2+ 54.
Kh3 Qh1# 0-1

[Event "Challenge"]
[Site "http://www.queenalice.com/game.php?id=961384"]
[Date "2011.7.17"]
[Round "-"]
[White "ORNELAS"]
[Black "hollis1us"]
[Result "1-0"]
[WhiteElo "1558"]
[BlackElo "1744"]

1. e4 e5 2. c3 Be7 3. Nf3 Bf6 4. Bc4 h6 5. Qb3 Ne7 6. Bxf7+ Kf8 7. Bc4 Nbc6 8.
d3 Na5 9. Qb4 Nxc4 10. Qxc4 d5 11. Qb4 a5 12. Qb3 dxe4 13. dxe4 Nc6 14. Nbd2 Ke7
15. Qa3+ Kf7 16. Nc4 Re8 17. O-O Be6 18. b3 Bxc4 19. bxc4 b6 20. Be3 Ne7 21.
Rad1 1-0

[Event "Challenge"]
[Site "http://www.queenalice.com/game.php?id=966183"]
[Date "2011.7.29"]
[Round "-"]
[White "hollis1us"]
[Black "Ichglauble"]
[Result "1-0"]
[WhiteElo "1721"]
[BlackElo "1753"]

1. e4 e5 2. Nf3 Nc6 3. d4 exd4 4. Nxd4 Nxd4 5. Qxd4 Bd6 6. Nc3 Nf6 7. e5 Qe7 8.
Bf4 c5 9. Qe3 Ng4 10. Qe2 Bxe5 11. Bxe5 Nxe5 12. O-O-O O-O 13. Nd5 Qg5+ 14. Qe3
Qxe3+ 15. Nxe3 Rd8 16. Bb5 d6 17. h3 a6 18. Bd3 1-0

[Event "Challenge"]
[Site "http://www.queenalice.com/game.php?id=974898"]
[Date "2011.8.20"]
[Round "-"]
[White "wvulcanis"]
[Black "hollis1us"]
[Result "0-1"]
[WhiteElo "1848"]
[BlackElo "1738"]

1. d4 d5 2. Nf3 Nc6 3. Nc3 e6 4. e3 a6 5. Be2 Nf6 6. h3 Be7 7. O-O O-O 8. a3 h6
9. b4 Bd6 10. Bd3 Re8 11. Re1 e5 12. dxe5 Nxe5 13. Bb2 Nxd3 14. Qxd3 c6 15. Rad1
Ne4 16. Nd2 Nxd2 17. Rxd2 Be5 18. f4 Bf6 19. Rf2 Be6 20. f5 Bd7 21. Bc1 Bxc3 22.
Qxc3 f6 23. a4 Re4 24. Rf4 Qe8 25. Rff1 Qe5 26. Qxe5 Rxe5 27. g4 c5 28. Rf4 c4
29. a5 Rae8 30. c3 Ba4 31. Kf1 Bc2 32. Re2 Bd3 33. Ba3 Rxe3 0-1

[Event "Let's Play Chess!"]
[Site "http://www.queenalice.com/game.php?id=981438"]
[Date "2011.9.5"]
[Round "-"]
[White "hollis1us"]
[Black "adelio"]
[Result "1/2-1/2"]
[WhiteElo "1756"]
[BlackElo "1652"]

1. e4 e5 2. Nf3 d6 3. h3 c5 4. c3 Nf6 5. Qe2 g6 6. Qb5+ Nfd7 7. Bc4 Nc6 8. d4
Ne7 9. Ng5 d5 10. exd5 Nf5 11. dxe5 h6 12. Ne4 Bg7 13. e6 O-O 14. exd7 Bxd7 15.
Qxb7 Re8 16. Nd2 Nd6 17. Qb3 Nxe4 18. O-O Nxd2 19. Bxd2 Bf5 20. Be3 Qd6 21. Qb5
Re7 22. Bxc5 Qd8 23. Bxe7 Qxe7 24. Rfe1 Qh4 25. Re8+ Rxe8 26. Qxe8+ Kh7 27. Bb3
Qg5 28. d6 Bxh3 29. Qe4 f5 30. Qd5 h5 31. d7 Bf6 32. Qf7+ Kh6 33. Bd5 h4 34. Re1
Qd2 35. Rf1 Qg5 36. Re1 Qd2 37. Re8 Qc1+ 38. Kh2 Qf4+ 39. Kxh3 Qg4+ 40. Kh2 Qf4+
41. Kg1 Qc1+ 42. Kh2 Qf4+ 43. Kh3 Qg4+ 44. Kh2 Qf4+ 1/2-1/2

[Event "Let's Play Chess!"]
[Site "http://www.queenalice.com/game.php?id=981439"]
[Date "2011.9.5"]
[Round "-"]
[White "rotwein"]
[Black "hollis1us"]
[Result "1-0"]
[WhiteElo "2111"]
[BlackElo "1758"]

1. d4 d5 2. c4 c5 3. dxc5 Qa5+ 4. Nc3 Qxc5 5. Qxd5 e6 6. Qxc5 Bxc5 7. Nf3 a6 8.
e3 Nf6 9. Be2 O-O 10. O-O Nc6 11. a3 Bd7 12. b4 Be7 13. Bb2 h6 14. Rfd1 Rfd8 15.
Rd2 Ng4 16. Rad1 Nge5 17. Nxe5 Nxe5 18. f4 Nxc4 19. Bxc4 Bc6 20. Rxd8+ Bxd8 21.
Kf2 Bf6 22. Rd2 e5 23. Nd5 Bxd5 24. Rxd5 Rc8 25. Rc5 Rxc5 26. bxc5 exf4 27. Bxf6
gxf6 28. exf4 Kg7 29. f5 Kf8 30. Bd5 b5 31. cxb6 1-0

[Event "OS INCLIVEIS"]
[Site "http://www.queenalice.com/game.php?id=991478"]
[Date "2011.9.30"]
[Round "-"]
[White "adelio"]
[Black "hollis1us"]
[Result "0-1"]
[WhiteElo "1654"]
[BlackElo "1771"]

1. e4 e5 2. Nf3 d6 3. h3 h6 4. c4 a6 5. Nc3 Nc6 6. g4 Be7 7. d3 Be6 8. Nd5 Bxd5
9. cxd5 Na7 10. b4 Nb5 11. Bb2 c5 12. dxc6 Bf6 13. cxb7 Rb8 14. Qa4 Qb6 15. h4
Qxb7 16. Bg2 Ne7 17. d4 O-O 18. d5 Ng6 19. g5 hxg5 20. hxg5 Bd8 21. Qd1 Nd4 22.
Bxd4 exd4 23. a3 Ne5 24. Qd2 Nxf3+ 25. Bxf3 Qe7 26. Ke2 Qxg5 27. Rh5 Qxd2+ 28.
Kxd2 Bf6 29. Rah1 g6 30. Rh6 Rfc8 31. Bg4 Rc3 32. Bf5 Bg5+ 33. Kd1 Bxh6 34. Rxh6
gxf5 35. exf5 Rd8 36. a4 Rb3 37. b5 axb5 38. axb5 Kg7 39. Rh4 Kf6 40. Rxd4 Kxf5
41. Ke2 Rxb5 42. f3 Re8+ 43. Kf2 Re5 44. Rh4 Rexd5 45. Kg3 Ke6 46. f4 f5 47.
Rh6+ Kd7 48. Kh4 Rd4 49. Kg5 Rbb4 50. Rh7+ Kc6 51. Rh4 Rd5 52. Rh3 Kb5 53. Rh8
Kc4 54. Kf6 Kd3 55. Kg5 Ke3 56. Rh3+ Kf2 57. Ra3 Rbd4 58. Ra2+ Ke3 59. Ra3+ Rd3
60. Ra4 R5d4 61. Rxd4 Rxd4 62. Kxf5 Rxf4+ 63. Ke6 Rd4 64. Kf5 Re4 65. Kf6 d5 66.
Kf5 d4 67. Kf6 d3 68. Kf5 d2 69. Kf6 d1=Q 70. Kf5 Qf3+ 71. Kg6 Rg4+ 72. Kh5 Qh3#
0-1

[Event "Andropose"]
[Site "http://www.queenalice.com/game.php?id=1000985"]
[Date "2011.10.24"]
[Round "1"]
[White "hollis1us"]
[Black "ensito"]
[Result "0-1"]
[WhiteElo "1787"]
[BlackElo "1786"]

1. e4 e5 2. Nf3 d6 3. h3 Be7 4. d4 f6 5. Nc3 c6 6. d5 a6 7. Bc4 b5 8. Bd3 b4 9.
Ne2 c5 10. O-O h6 11. c3 Bd7 12. cxb4 cxb4 13. a3 bxa3 14. bxa3 g5 15. Nh2 h5
16. Bc2 g4 17. hxg4 hxg4 18. Ng3 Nh6 19. f3 gxf3 20. Nxf3 Qb6+ 21. Rf2 Ng4 22.
Qe2 Nxf2 23. Be3 Qa5 24. Bxf2 Bg4 25. Qe3 Bxf3 26. Qxf3 Nd7 27. Nf5 Rh7 28. Nxe7
Kxe7 29. Rb1 Rah8 30. Kf1 Qc7 31. Bd3 Rh1+ 32. Ke2 Rxb1 33. Bxb1 Qc1 34. Bd3 Rb8
35. Be1 Rb2+ 36. Kf1 Nc5 37. Be2 Rb1 38. Qf2 Nxe4 39. Qh4 Nd2+ 0-1

[Event "Let's Play Chess!"]
[Site "http://www.queenalice.com/game.php?id=1003711"]
[Date "2011.11.1"]
[Round "-"]
[White "digger"]
[Black "hollis1us"]
[Result "0-1"]
[WhiteElo "1498"]
[BlackElo "1782"]

1. e4 e5 2. c3 d5 3. exd5 Qxd5 4. c4 Qe4+ 5. Qe2 Nf6 6. Qxe4 Nxe4 7. d3 Bb4+ 8.
Bd2 Nxd2 9. Nxd2 Bxd2+ 10. Kxd2 O-O 11. Re1 Nc6 12. a3 Be6 13. b4 a6 14. Be2 Nd4
15. g3 b5 16. c5 Bd5 17. f3 a5 18. Rb1 axb4 19. axb4 Ra2+ 20. Ke1 Nxe2 21. Nxe2
Bxf3 22. Rg1 Rxe2+ 23. Kf1 Ra8 24. g4 Raa2 25. Rg3 Rxh2 26. Kg1 Rh1# 0-1

[Event "Let's Play Chess!"]
[Site "http://www.queenalice.com/game.php?id=1006856"]
[Date "2011.11.10"]
[Round "-"]
[White "hollis1us"]
[Black "Andromaca"]
[Result "1/2-1/2"]
[WhiteElo "1758"]
[BlackElo "1812"]

1. e4 e5 2. Nf3 d6 3. h3 Nf6 4. Nc3 c6 5. d4 exd4 6. Nxd4 Be7 7. Be2 O-O 8. Bf3
c5 9. Nde2 a6 10. O-O b5 11. e5 dxe5 12. Bxa8 Qxd1 13. Rxd1 b4 14. Nd5 Nxd5 15.
Bxd5 Nd7 16. c3 a5 17. cxb4 axb4 18. Be3 Nb6 19. Bf3 f5 20. b3 e4 21. Bh5 g6 22.
Bxg6 hxg6 23. Rac1 Ba6 24. Nf4 Kf7 25. Bxc5 g5 26. Bxe7 Kxe7 27. Ng6+ Kf7 28.
Rd6 Rc8 29. Rxc8 Nxc8 30. Rxa6 f4 31. h4 g4 32. Ne5+ Ke7 33. Nxg4 Nd6 34. h5 f3
35. h6 Nf7 36. h7 Kf8 37. Ra7 Nh8 38. Nf6 fxg2 39. Nxe4 Ng6 40. Kxg2 Nh8 41. Rb7
Ng6 42. Rxb4 Kg7 43. Rb7+ Kh8 44. a4 Nf4+ 45. Kf3 Ne6 46. b4 Ng7 47. Nf6 Nh5 48.
Nxh5 1/2-1/2

[Event "Let's Play Chess!"]
[Site "http://www.queenalice.com/game.php?id=1006857"]
[Date "2011.11.10"]
[Round "-"]
[White "Publio"]
[Black "hollis1us"]
[Result "1-0"]
[WhiteElo "1834"]
[BlackElo "1771"]

1. e4 e5 2. Nf3 d6 3. Nc3 a6 4. d4 exd4 5. Qxd4 Nc6 6. Qc4 h6 7. Bf4 Be7 8.
O-O-O Bd7 9. e5 dxe5 10. Bxe5 Nf6 11. Bxf6 Bxf6 12. Qe4+ Ne7 13. Bd3 Bc6 14. Bb5
Qc8 15. Bxc6+ bxc6 16. Rd3 O-O 17. Rhd1 Qe6 18. Rd7 Qxe4 19. Nxe4 Nd5 20. c4 Nb6
21. Rxc7 Nxc4 22. Rxc6 Rfc8 23. Rxc8+ Rxc8 24. Nxf6+ gxf6 25. Kb1 a5 26. b3 Ne5
27. Nd4 Rb8 28. f4 Ng4 29. Nf5 a4 30. Kb2 Rb4 31. h3 Nf2 32. Rd4 Rxd4 33. Nxd4
axb3 34. Kxb3 Kg7 35. Nb5 Nd3 36. g3 Nc5+ 37. Kc4 Nd7 38. a4 Nb6+ 39. Kb4 Nd5+
40. Kc5 Ne7 41. Nd6 Kg6 42. a5 1-0